|
|
|
|
| LEADER |
01948nam a2200433 i 4500 |
| 001 |
EBC4735346 |
| 003 |
MiAaPQ |
| 005 |
20200520144314.0 |
| 006 |
m o d | |
| 007 |
cr cnu|||||||| |
| 008 |
161114t20162016it a o 000 0 ita d |
| 020 |
|
|
|z 9788892105768
|
| 020 |
|
|
|a 9788892162587
|q (electronic bk.)
|
| 035 |
|
|
|a (MiAaPQ)EBC4735346
|
| 035 |
|
|
|a (Au-PeEL)EBL4735346
|
| 035 |
|
|
|a (CaPaEBR)ebr11296061
|
| 035 |
|
|
|a (OCoLC)963667095
|
| 040 |
|
|
|a MiAaPQ
|b eng
|e rda
|e pn
|c MiAaPQ
|d MiAaPQ
|
| 050 |
|
4 |
|a HD30.22
|b .S266 2016
|
| 082 |
0 |
|
|a 338.5024658
|2 23
|
| 100 |
1 |
|
|a Sannino, Giuseppe,
|e author.
|
| 245 |
1 |
0 |
|a Esercitazioni e complementi di Economia Aziendale :
|b ad uso esclusivo degli studenti /
|c Giuseppe Sannino e Paolo Tartaglia Polcini.
|
| 250 |
|
|
|a Seconda edizione rivista e ampliata.
|
| 264 |
|
1 |
|a Torino, Italy :
|b G. Giappichelli Editore,
|c 2016.
|
| 264 |
|
4 |
|c 2016
|
| 300 |
|
|
|a 1 online resource (241 pages) :
|b illustrations, tables.
|
| 336 |
|
|
|a text
|2 rdacontent
|
| 337 |
|
|
|a computer
|2 rdamedia
|
| 338 |
|
|
|a online resource
|2 rdacarrier
|
| 490 |
0 |
|
|a Economia Aziendale ;
|v 5
|
| 588 |
|
|
|a Description based on online resource; title from PDF title page (ebrary, viewed November 14, 2016).
|
| 590 |
|
|
|a Electronic reproduction. Ann Arbor, MI : ProQuest, 2016. Available via World Wide Web. Access may be limited to ProQuest affiliated libraries.
|
| 650 |
|
0 |
|a Managerial economics.
|
| 650 |
|
0 |
|a Economics.
|
| 655 |
|
4 |
|a Electronic books.
|
| 700 |
1 |
|
|a Tartaglia Polcini, Paolo,
|e author.
|
| 776 |
0 |
8 |
|i Print version:
|a Sannino, Giuseppe.
|t Esercitazioni e complementi di Economia Aziendale : ad uso esclusivo degli studenti.
|b Seconda edizione rivista e ampliata.
|d Torino, Italy : G. Giappichelli Editore, c2016
|h xiv, 219 pages
|k Economia Aziendale ; 5
|z 9788892105768
|
| 797 |
2 |
|
|a ProQuest (Firm)
|
| 856 |
4 |
0 |
|u https://ebookcentral.proquest.com/lib/matrademy/detail.action?docID=4735346
|z Click to View
|